Beyond total quality management : toward the emerging paradigm

Bibliographic Details
Other Authors: Bounds, Gregory M, Yorks, Lyle
Format: Book
Published: New York : McGraw-Hill , 1994
Subjects:

MARC

LEADER 00000cam a2200000 7i4500
001 0000003070
002 000003323
005 20000330.0
020 |a 0070066787 
090 0 0 |a 658.562   |b BEY 
245 0 0 |a Beyond total quality management :   |b toward the emerging paradigm   |c Grey Bounds...(et al.) 
260 |a New York :   |b McGraw-Hill ,   |c 1994 
300 |a 817p. ;   |c 22cm. 
650 0 0 |a Total quality management 
700 1 |a Bounds, Gregory M 
700 1 |a Yorks, Lyle 
999 |a 036627   |b BUKU   |c PINJAMAN   |e PERPUSTAKAAN KOMUNITI PETALING JAYA